Corporate Governance Board of Directors, Duties and Functions (Record no. 551870)

MARC details
000 -LEADER
fixed length control field 00406nam a2200145Ia 4500
008 - FIXED-LENGTH DATA ELEMENTS--GENERAL INFORMATION
fixed length control field 240825s9999 xx 000 0 und d
020 ## - INTERNATIONAL STANDARD BOOK NUMBER
ISBN 9789356030732
082 ## - DEWEY DECIMAL CLASSIFICATION NUMBER
Classification number 346.066
Item number MIT
100 ## - MAIN ENTRY--AUTHOR NAME
Personal name Mittal, DP
245 #0 - TITLE STATEMENT
Title Corporate Governance Board of Directors, Duties and Functions
Statement of responsibility, etc / Mittal, DP
260 ## - PUBLICATION, DISTRIBUTION, ETC. (IMPRINT)
Name of publisher Commercial Law Pub
Year of publication 2022
300 ## - PHYSICAL DESCRIPTION
Number of Pages 670
650 ## - SUBJECT ADDED ENTRY--TOPICAL TERM
Topical Term Law &Criminology
942 ## - ADDED ENTRY ELEMENTS (KOHA)
Koha item type English Books

No items available.

Find us on the map